Градостроительство в условиях жаркого климата: учебник

Xehetasun bibliografikoak
Egile nagusia: Римша А. Н. Анатолий Николаевич
Hizkuntza:errusiera
Argitaratua: Москва, Стройиздат, 1979
Gaiak:
Formatua: MixedMaterials Liburua
KOHA link:https://koha.lib.tpu.ru/cgi-bin/koha/opac-detail.pl?biblionumber=104434

MARC

LEADER 00000nam0a2200000 4500
001 104434
005 20231031114014.0
020 |a RU  |b 79-68093 
035 |a (RuTPU)RU\TPU\book\112584 
090 |a 104434 
100 |a 20061101d1979 m y0rusy5003 ca 
101 0 |a rus 
102 |a RU 
105 |a a j 001zy 
200 1 |a Градостроительство в условиях жаркого климата  |e учебник  |f А. Н. Римша 
210 |a Москва  |c Стройиздат  |d 1979 
215 |a 312 с.  |c ил. 
320 |a Библиогр.: с. 308-310. 
610 1 |a градостроительство 
610 1 |a жаркий климат 
610 1 |a природные условия 
610 1 |a застройки 
610 1 |a прогнозирование 
610 1 |a учебники 
675 |a 711(075.8)  |v 3 
700 1 |a Римша  |b А. Н.  |g Анатолий Николаевич 
801 0 |a RU  |b RuMRKP  |c 19950704  |g psbo 
801 1 |a RU  |b 63413507  |c 20061101  |g PSBO 
801 2 |a RU  |b 63413507  |c 20070604  |g PSBO 
942 |c BK